[Event "MCR mladeze, Kouty 2018 - H10"]
[Site "Kouty nad Desnou"]
[Date "2018.03.15"]
[Round "7"]
[White "Brozka, Karel"]
[Black "Finek, Vaclav"]
[Result "1/2-1/2"]
[WhiteElo "1665"]
[BlackElo "1626"]
[EventDate "2018.03.10"]

1. d4 d5 2. Nf3 Nf6 3. c4 c6 4. Nc3 e6 5. Bg5 Nbd7 6. e3 h6 7. Bh4 Be7 8. Bd3 O-O
9. O-O c5 10. cxd5 exd5 11. Rc1 b6 12. Ne5 Nxe5 13. dxe5 Ng4 14. Bxe7 Qxe7 15. h3
Nxe5 16. Nxd5 Qh4 17. f4 Nxd3 18. Qxd3 Bb7 19. e4 Rad8 20. Qc4 Bxd5 21. exd5 Rfe8
22. Rcd1 Qe7 23. Rd3 Qe2 24. Qc3 Re4 25. Rg3 Rd4 26. Re1 Qd2 27. Re7 Qxc3 28.
bxc3 Rxf4 29. Rd3 c4 30. Rd2 Rd6 31. Rxa7 Rf5 32. Rc7 Rdxd5 33. Rxd5 Rxd5 34.
Rxc4 b5 35. Rb4 Kh7 36. c4 bxc4 37. Rxc4 Ra5 38. a4 Kg6 39. Kf2 Kf5 40. Ke3 g6
41. g3 Kg5 42. Kd4 f5 43. Ke3 Ra8 44. Kf3 h5 45. Ke3 Re8+ 46. Kf3 Re1 47. h4+ Kh6
48. Rc7 Ra1 49. Ra7 Rf1+ 50. Kg2 Ra1 51. a5 Ra2+ 52. Kf3 Ra4 53. a6 g5 54. hxg5+
Kxg5 55. Ra8 Ra3+ 56. Kg2 Kg6 57. a7 Kh7 58. Kh2 Kg7 59. Kg2 Kh7 1/2-1/2

[Event "MCR mladeze, Kouty 2018 - H10"]
[Site "Kouty nad Desnou"]
[Date "2018.03.15"]
[Round "7"]
[White "Soucek, Jan"]
[Black "Hladky, Tadeas"]
[Result "0-1"]
[WhiteElo "1354"]
[BlackElo "1592"]
[EventDate "2018.03.10"]

1. d4  d5  2. Nf3  c6
3. g3  Nf6  4. Bg2
Bf5  5. Nbd2  h6
6. c4  e6  7. O-O
Be7  8. Re1  Nbd7
9. b3  O-O 10. Bb2  Rc8
11. c5  b6  12. b4
Rb8  13. Qc1  Qc8
14. a3  Qb7  15. Bc3
Rfc8  16. Nh4  Bh7
17. Bf3  g5  18. Kh1
gxh4  19. gxh4  Kh8
20. Nb1  Bf8  21. Bd2
Bg7  22. Bxh6  Rg8
23. Nc3  bxc5  24. dxc5
Ne5  25. Bg2  Neg4
26. Bxg7+  Rxg7  27. Qf4
Nh5  28. Qf3  Qc7
29. Kg1  Qxh2+  30. Kf1
Qxh4  31. Kg1  Rbg8
32. Red1  Qh2+  33. Kf1
Ne5  34. Qe3  Rxg2
35. Ke1  Rg1+  36. Kd2
Nc4+ 0-1

[Event "MCR mladeze, Kouty 2018 - H10"]
[Site "Kouty nad Desnou"]
[Date "2018.03.15"]
[Round "7"]
[White "Pressler, Tobias"]
[Black "Fizer, Marek"]
[Result "1/2-1/2"]
[WhiteElo "1336"]
[BlackElo "1434"]
[EventDate "2018.03.10"]

1. e4  c5  2. c3  d5
3. exd5  Qxd5  4. d4
Nc6  5. Nf3  Bg4
6. Be2  e6  7. O-O
Nf6  8. Be3  cxd4
9. cxd4  Bb4  10. Nc3
Bxc3  11. bxc3  O-O
12. Rb1  b6  13. c4
Qd7  14. h3  Bh5
15. Ne5  Nxe5  16. dxe5
Qxd1  17. Bxd1  Bxd1
18. Rfxd1  Ne4  19. Rb3
Rac8 20. f3  Nc5  21. Bxc5
Rxc5  22. Rd7  Ra5
23. Rd2  Rxe5  24. Ra3
a5  25. Rd6  Rb8
26. Rb3  Kf8  27. Rbxb6
Rxb6  28. Rxb6  Ke7
29. Kf2  f5  30. Kg3
h6  31. Rb5  Rxb5
32. cxb5  g5  33. a4
Kd6  34. h4  e5
35. hxg5  hxg5  36. Kh3  Kd5
37. g3  Kc5  38. Kg2
Kb6  39. Kf2  Kc5
40. Ke3  Kd5  41. f4
exf4+  42. gxf4  g4
43. Kf2  Kc5  1/2-1/2

[Event "MCR mladeze, Kouty 2018 - H10"]
[Site "Kouty nad Desnou"]
[Date "2018.03.15"]
[Round "7"]
[White "Buchta, Bartolomej"]
[Black "Prazak, Daniel"]
[Result "0-1"]
[WhiteElo "1352"]
[BlackElo "1308"]
[EventDate "2018.03.10"]

1. e4  d6  2. d4  Nf6
3. Nc3  g6  4. Nf3
Bg7  5. Bc4  c6
6. Bg5  Nbd7  7. O-O  b5
8. Bd3  Nb6  9. Re1
O-O  10. d5  b4 11. Ne2
cxd5  12. Bxf6  Bxf6
13. exd5  Bb7  14. Rb1
Bxd5  15. b3  Qc7
16. Nf4  Bb7  17. Be4
Bxe4  18. Rxe4  Rfc8
19. Rxb4  Qxc2  20. a4
Qxd1+  21. Rxd1  Rab8
22. h3  Nd7  23. Rxb8
Rxb8  24. Rb1  Nc5
25. Nd5  Rxb3  26. Nxf6+
exf6  27. Rd1  Ne4
28. Rd4  f5  29. Kf1
Rb1+  30. Ke2  Rb2+
31. Ke3  Rxf2  32. Rxe4
Rxf3+  33. gxf3  fxe4
34. Kxe4  Kf8  35. Kd5
Ke7  36. a5  Kd7
37. a6  f6  38. f4
f5  39. h4  h6
40. Kc4  Kc6  41. Kd4  h5
42. Kc4  d5+  43. Kd4
Kd6  44. Kd3  Kc5
45. Kc3  d4+  46. Kd3
Kd5  47. Kd2  Ke4
48. Ke2  d3+  49. Kd2
Kd4  50. Kd1  Ke3
51. Ke1  Kxf4  52. Kd2
Ke4  53. Kd1  Ke3
54. Ke1  d2+  55. Kd1
f4  56. Kc2  Ke2
57. Kb2  d1=Q  58. Ka2
Qd3  59. Kb2  f3
60. Kc1  f2  61. Kb2
f1=Q  62. Ka2  Qfb1#
0-1

[Event "MCR mladeze, Kouty 2018 - H10"]
[Site "Kouty nad Desnou"]
[Date "2018.03.15"]
[Round "7"]
[White "Setina, Vaclav"]
[Black "Nemec, Jachym"]
[Result "0-1"]
[WhiteElo "1224"]
[BlackElo "1539"]
[EventDate "2018.03.10"]

1. e4  c5  2. c3  d5
3. exd5  Qxd5  4. d4
Nc6  5. Nf3  Bf5
6. Be3  Rd8  7. Be2
e6  8. O-O  cxd4
9. cxd4  Bxb1  10. Qxb1
Nf6  11. Qd3  Be7
12. Qc4  O-O  13. b3
Rc8  14. Qxd5  Nxd5
15. Rac1  Rfd8  16. h3
Bf6  17. a3  Nde7
18. Rfd1  Nf5  19. g4
Nfxd4  20. Nxd4  Bxd4
21. Bxd4  Nxd4  22. Rxc8
Nxe2+  23. Kf1  Ng3+
24. Kg2  Rxc8  25. Kxg3 Kf8
26. Rd7  Rc3+  27. Kg2
Rxb3  28. a4  Ra3
29. Rxb7  Rxa4  30. Kg3
g6  31. f4  Kg7
32. g5  Ra1  33. Kg2  a5
34. Ra7  a4  35. Kh2
a3  36. Kg2  a2
37. h4  Kf8  38. Kh2  Ke8
39. Kg2  Kd8  40. Kh2
Kc8  41. Kg2  Kb8
42. Ra4  Kb7  43. Kh2
Kc6  44. Kg2  Kb5
45. Ra8  Kb4  46. Rb8+
Kc3  47. Rc8+  Kd3
48. Ra8  Ke4  49. Ra4+
Kf5  50. Kh2  Kg4
51. Kg2  Kxh4  52. f5+
Kxg5  53. fxe6  fxe6
54. Ra5+  Kf4  55. Ra4+
Ke3  56. Ra3+  0-1

[Event "MCR mladeze, Kouty 2018 - H10"]
[Site "Kouty nad Desnou"]
[Date "2018.03.15"]
[Round "7"]
[White "Kubin, Tomas Daniel"]
[Black "Juhanak, Daniel"]
[Result "1/2-1/2"]
[WhiteElo "1218"]
[BlackElo "1398"]
[EventDate "2018.03.10"]

1. e4  e6  2. d4  d5
3. exd5  exd5  4. Bd3
Nc6  5. Nf3  Bg4
6. c3  Bd6  7. Be3
Nge7  8. Nbd2  O-O
9. Qc2  h6  10. O-O Qd7
11. Rfe1  Bf5  12. Rad1
Bxd3  13. Qxd3  Rae8
14. Nf1  f5  15. Qc2
f4  16. Bd2  Qg4
17. h3  Qh5  18. N1h2
Kh8  19. Ng4  Ng8
20. Rxe8  Rxe8  21. Re1
Rxe1+  22. Bxe1  Qe8
23. Bd2  h5  24. Ngh2
Nf6  25. Nh4  Qe2
26. N2f3  Ne4  27. Qc1
Qxf2+  28. Kh2  Qg3+
1/2-1/2

[Event "MCR mladeze, Kouty 2018 - H10"]
[Site "Kouty nad Desnou"]
[Date "2018.03.15"]
[Round "7"]
[White "Zelba, Lukas"]
[Black "Ulcak, Michael"]
[Result "1/2-1/2"]
[WhiteElo "1184"]
[BlackElo "1354"]
[EventDate "2018.03.10"]

1. c4 c6  2. d4  d5  3. c5
Nf6  4. Bf4  e6
5. Nc3  Nbd7  6. Nf3  Be7
7. h3  O-O  8. g4
Re8  9. Bg2  b6
10. b4 Ba6  11. O-O  h6  12. Re1
Bf8  13. Ne5  Nxe5
14. Bxe5  Nd7  15. Bg3
e5  16. e3  Qf6
17. Qf3  exd4  18. Qxf6  Nxf6
19. exd4  g6  20. a4
Bg7  21. b5  Bb7
22. Be5  bxc5  23. dxc5
Nd7  24. Bxg7  Kxg7
25. bxc6  Bxc6  26. Bxd5
Rxe1+  27. Rxe1  Bxd5
28. Nxd5  Nxc5  29. Ra1
Rd8  30. Nb4  Rd4
31. Nc6  Rxa4  32. Rxa4
Nxa4  33. Nxa7  Nc5
1/2-1/2

[Event "MCR mladeze, Kouty 2018 - H10"]
[Site "Kouty nad Desnou"]
[Date "2018.03.15"]
[Round "7"]
[White "Jasso, Matej"]
[Black "Day, Tobias"]
[Result "1/2-1/2"]
[WhiteElo "1115"]
[BlackElo "1340"]
[EventDate "2018.03.10"]

1. e4  c5  2. Nf3  e6
3. d4  cxd4  4. Nxd4
Nf6  5. Bd3  Nc6
6. Be3  d5  7. exd5
Nxd5  8. Nxc6  bxc6
9. Bd2  Be7  10. O-O
Bb7  11. Nc3  Nf6
12. Be3  Qc7  13. Qe2
O-O 14. Rad1  Rad8  15. Na4
a5  16. Bb6  Qf4
17. Bxd8  Rxd8  18. Nc3
Bd6  19. g3  Qh6
20. Ne4  Nxe4  21. Bxe4
f5  22. Bg2  Qf6
23. Qe3  Qe7  24. Rfe1
Kf7  25. Qc3  Bb4
26. Qf3  Bxe1  27. Qh5+
Kg8  28. Rxe1  Qf7
29. Qh4  Re8  30. Qa4
Qc7  31. Qb3  Bc8
32. Qc4  Bd7  33. Bh3
Kh8  34. Qe2  e5
35. Qd2  1/2-1/2

[Event "MCR mladeze, Kouty 2018 - H10"]
[Site "Kouty nad Desnou"]
[Date "2018.03.15"]
[Round "7"]
[White "Nguyen, Thai Dang Vi"]
[Black "Barta, David"]
[Result "1-0"]
[WhiteElo "1435"]
[BlackElo "1164"]
[EventDate "2018.03.10"]

1. e4  e5  2. Nf3  Nc6
3. d4  exd4  4. Nxd4
Bc5  5. Be3  Bb6
6. Bc4  Nf6  7. Nc3
Nxd4  8. Bxd4  d6
9. Qd2  Be6  10. Bxe6
fxe6  11. O-O-O  Bxd4
12. Qxd4  e5  13. Qd2
Qd7  14. f4  O-O-O
15. fxe5  dxe5  16. Qe3
Qg4  17. Qxa7  c6
18. Qa8+  Kc7  19. Qa5+
Kc8  20. Qxe5  Qxg2
21. Rhg1  Rxd1+  22. Rxd1
Re8  23. Qf5+  Kb8
24. e5  Ng4 25. Qd7  Rg8
26. e6  Nf6  27. Qd6+
Ka7  28. Qa3+  Kb8
29. e7  Qg5+  30. Kb1
Nh5  31. Qd6+  Ka7
32. Qd8  Nf6  33. Qxg8
Nxg8  34. e8=Q  Nf6
35. Qe7  1-0

[Event "MCR mladeze, Kouty 2018 - H10"]
[Site "Kouty nad Desnou"]
[Date "2018.03.15"]
[Round "7"]
[White "Veverka, Vladimir"]
[Black "Buchtova, Viktorie"]
[Result "1-0"]
[WhiteElo "1217"]
[BlackElo "1023"]
[EventDate "2018.03.10"]

1. e4 e5 2. Nf3 Nc6 3. d4 exd4 4. Nxd4 Nf6 5. Nxc6 bxc6 6. e5 Ng8 7. Bd3 Bc5 8.
O-O Ne7 9. Qe2 O-O 10. Be3 Bb6 11. Nd2 d5 12. Bxb6 cxb6 13. Rae1 Re8 14. f4 g6
15. Kh1 c5 16. c3 Nf5 17. Bxf5 Bxf5 18. Qe3 d4 19. cxd4 cxd4 20. Qg3 b5 21. b4
Rc8 22. Rc1 Rxc1 23. Rxc1 Qd5 24. Qb3 Qxb3 25. Nxb3 Rd8 26. Rd1 d3 27. Kg1 Kf8
28. g3 Ke7 29. Kf2 Ke6 30. Nc5+ Ke7 31. Ke3 f6 32. exf6+ Kxf6 33. Nxd3 g5 34. Rd2
Be6 35. fxg5+ Kxg5 36. h4+ Kg4 37. Nf2+ Kxg3 38. Rxd8 Kxh4 39. Ra8 h5 40. Rxa7
Kg3 41. Ra5 h4 42. a3 h3 43. Nxh3 Bxh3 44. Rxb5 Bd7 45. Rg5+ Kh2 46. b5 Bc8 47.
b6 Bb7 48. a4 Kh1 49. Kf2 Ba8 50. Rh5# 1-0

[Event "MCR mladeze, Kouty 2018 - H10"]
[Site "Kouty nad Desnou"]
[Date "2018.03.15"]
[Round "7"]
[White "Zemek, Antonin"]
[Black "Juracak, David"]
[Result "1-0"]
[WhiteElo "1094"]
[BlackElo "1074"]
[EventDate "2018.03.10"]

1. e4  e5  2. Bc4  Nf6
3. Nc3  Nxe4  4. Qh5
Nd6  5. Bb3  Nc6
6. Nb5  g6  7. Qf3
f5  8. Qd5  Qe7
9. Nxc7+  Kd8  10. Nxa8  Qe6
11. Qxe6  dxe6  12. d3
Nd4  13. Bd2  e4
14. dxe4  Nxe4  15. Nf3
Nxf3+  16. gxf3  Nxd2
17. O-O-O  Bd7  18. Rxd2
Bh6  19. Rhd1  Bxd2+
20. Rxd2  Kc8  21. Rd6
e5  22. Bd5  Rd8
23. Nb6+  Kc7  24. Rxd7+
Rxd7  25. Nxd7  Kxd7
26. Bxb7  Kc7  27. Bd5
h6  28. Bf7  g5
29. Bg6  f4  30. Kd2  Kd7
31. Kd3  Kd6  32. Ke4
Ke6  33. Bf5+  Kd6
34. c4  Kc5  35. b3
Kd6  36. b4  h5
37. c5+  Kc6  38. Kxe5  Kc7
39. a4  Kc6  40. Be4+
Kc7  41. b5  h4
42. c6  h3  43. a5  g4
44. b6+  axb6  45. axb6+
Kxb6  46. Kd6  g3
47. fxg3  fxg3  48. hxg3
h2  49. f4  h1=B
50. Bxh1  Ka6  51. c7
Ka5  52. c8=Q  Kb4
53. Bd5  Kb5  54. Qc5+
Ka4  55. Qb6  Ka3
56. Qb3#  1-0

[Event "MCR mladeze, Kouty 2018 - H10"]
[Site "Kouty nad Desnou"]
[Date "2018.03.15"]
[Round "7"]
[White "David, Adam"]
[Black "Taus, Zdenek"]
[Result "1-0"]
[WhiteElo "1379"]
[BlackElo "1152"]
[EventDate "2018.03.10"]

1. e4  e5  2. Nf3  Nf6
3. Nc3  Bb4  4. d3
d5  5. exd5  Nxd5
6. Bd2  Nc6  7. g3
Bg4  8. Bg2  Nd4
9. h3  Bh5  10. g4
Bg6  11. Ne2  Bxd2+
12. Qxd2  Nxe2  13. Qxe2
f6  14. Rg1  Nf4
15. Qe3  Qd5  16. Bf1
Qc6  17. c3  O-O-O
18. O-O-O  Qa4  19. a3
Rhe8  20. Rd2  e4
21. Qxf4  exf3  22. Qxa4
c5  23. b3  Re7
24. Kb2  Red7  25. Qc4  b6
26. b4  Rb7  27. Kc2
Bf7  28. Qf4  Rbd7
29. Qxf3  c4  30. d4
Bg6+  31. Kb2  Re7
32. Qa8+  Kd7  33. Qxa7+
Ke8  34. Qxb6  Re1
35. a4  Rb1+  36. Ka2
Ra8  37. Qc6+  Kf7
38. Qxa8  Rb3  39. Bxc4+
Ke7  40. Kxb3  Bf7
41. Bxf7  Kd7  42. Qd5+
Kc7  43. Re2  f5
44. Re7+  Kb8  45. Qb7#
1-0

[Event "MCR mladeze, Kouty 2018 - H10"]
[Site "Kouty nad Desnou"]
[Date "2018.03.16"]
[Round "8"]
[White "Finek, Vaclav"]
[Black "Pressler, Tobias"]
[Result "1-0"]
[WhiteElo "1626"]
[BlackElo "1336"]
[EventDate "2018.03.10"]

1. e4 c5 2. Nf3 Nc6 3. d4 cxd4 4. Nxd4 g6 5. Nc3 Bg7 6. Be3 Nf6 7. Bc4 Qa5 8. O-O
O-O 9. a3 d6 10. b4 Qd8 11. Qd2 Bd7 12. f3 Rc8 13. Bb3 Ne5 14. Bf2 a6 15. Nd5 Nc4
16. Nxf6+ Bxf6 17. Qe2 Qc7 18. c3 b5 19. a4 Bg5 20. Rfd1 e5 21. Nc2 Nb2 22. Rdb1
Qxc3 23. Ra3 Kh8 24. g3 Nc4 25. Bxc4 Qxc4 26. Qxc4 Rxc4 27. Ne3 Rc6 28. axb5 axb5
29. Nd5 Rfc8 30. Kg2 Be6 31. f4 Bd8 32. fxe5 dxe5 33. Bc5 f5 34. Ra7 fxe4 35. Ne7
Bxe7 36. Rxe7 R8c7 37. Re8+ Kg7 38. Rf1 Kh6 39. h3 Rd7 40. Be3+ Kh5 41. g4+ Bxg4
42. hxg4+ Kxg4 43. Rxe5 Rc2+ 44. Rf2 Rxf2+ 45. Kxf2 Rf7+ 46. Kg2 h5 47. Rg5+ Kh4
48. Rxg6 Rg7 49. Bg5+ Kg4 50. Rxg7 h4 51. Be3+ Kh5 52. Rg5+ Kh6 53. Kh3 Kh7 54.
Kxh4 Kh8 55. Kh5 Kh7 56. Bd4 e3 57. Rg7+ Kh8 58. Kh6 e2 59. Rg1# 1-0

[Event "MCR mladeze, Kouty 2018 - H10"]
[Site "Kouty nad Desnou"]
[Date "2018.03.16"]
[Round "8"]
[White "Hladky, Tadeas"]
[Black "Prazak, Daniel"]
[Result "1/2-1/2"]
[WhiteElo "1592"]
[BlackElo "1308"]
[EventDate "2018.03.10"]

1. e4  c6  2. d4  d5
3. exd5  cxd5  4. Bd3
Nc6  5. c3  Nf6
6. Bf4  Bg4  7. Qb3  Qd7
8. Nd2  e6  9. Ngf3
Be7  10. O-O  O-O
11. h3  Bh5  12. Rae1
a6  13. Ne5  Nxe5
14. dxe5  Ne8  15. Qc2
Bg6  16. Re3  d4
17. cxd4  Qxd4  18. Bxg6
hxg6  19. Re4  Qd5
20. Rd1  Rd8  21. Ree1
Qc5  22. Qe4  Qd5
23. Qxd5  Rxd5  24. Nc4
Nc7  25. Nd6  Bxd6
26. exd6  Rxd1  27. Rxd1
Nd5  28. Rc1  Nxf4
29. Rc7  Nd5  30. Rxb7
Rd8  31. d7  Nf6
32. Ra7  Rxd7  33. Rxa6
Rd1+  34. Kh2  Rd2
35. b4  Rxf2  36. b5
Nd5  37. a4  Rb2
38. Ra8+  Kh7  39. Ra7
f6  40. Rb7  Nc3
41. a5  Rxb5  42. a6
Ra5  43. a7  Nb5
44. Rxb5  Rxa7  45. Kg3
g5  46. Kf3  Ra3+
47. Ke4  Rg3  48. Rb2
Kg6  49. Re2  Kf7
50. Rb2  Kg6  51. Re2
e5  52. Kd5  g4
53. h4  Rd3+  54. Ke4  Rd4+
55. Ke3  f5  56. Kf2
Kf6  57. h5  f4
58. Rc2  e4  59. Rc6+  Ke5
60. Rg6  g3+  1/2-1/2

[Event "MCR mladeze, Kouty 2018 - H10"]
[Site "Kouty nad Desnou"]
[Date "2018.03.16"]
[Round "8"]
[White "Brozka, Karel"]
[Black "Fizer, Marek"]
[Result "1-0"]
[WhiteElo "1665"]
[BlackElo "1434"]
[EventDate "2018.03.10"]

1. d4  Nf6  2. Nf3  e6
3. Bg5  h6  4. Bh4
b6  5. e3  Bb7
6. Bd3  d6  7. c3  Nbd7
8. Nbd2  Qe7  9. Qc2
g5  10. Bg3  Nh5
11. O-O-O  f5  12. Rhe1
O-O-O  13. h3  Nxg3
14. fxg3  Bg7  15. e4
f4  16. Kb1  Rdf8
17. Re2  h5  18. gxf4
Rxf4  19. Nc4  g4
20. Ng1  Rhf8  21. g3
R4f7  22. h4  Kb8
23. Ree1  Bh6  24. Rf1
d5  25. Rxf7  Rxf7
26. Na3  a6  27. e5
Qf8  28. Bg6  Rf2
29. Qd3  Rg2  30. Rf1
Rf2  31. Rxf2  Qxf2
32. Ne2  c5  33. b3
Qf3  34. Qxf3  gxf3
35. Nf4  a5  36. Bxh5
Bxf4  37. gxf4  f2
38. Be2  Nf8  39. h5
Kc8  40. Kc2  Kd7
41. Kd2  Ke7  42. Ke3
f1=Q  43. Bxf1  Kf7
44. Kf3  Kg7  45. Kg4
Kh6  46. Bd3  cxd4
47. cxd4  Bc8  48. Nc2
Bd7  49. Kh4  b5
50. Ne3  Be8  51. Be2
b4  52. f5  Bf7
53. Ng4+  Kg7  54. h6+  Kh7
55. Bd3  Kh8  56. f6
Nh7  57. Nh2  Nf8
58. Nf3  Ng6+  59. Kg5
Nf8  60. Kg4  Ng6
61. Ng5  Kg8  62. h7+
Kh8  63. Nxf7+  Kxh7
64. Bxg6+  Kxg6  65. Nd8
Kh6  66. Nxe6  Kh7
67. f7  1-0

[Event "MCR mladeze, Kouty 2018 - H10"]
[Site "Kouty nad Desnou"]
[Date "2018.03.16"]
[Round "8"]
[White "Nemec, Jachym"]
[Black "Soucek, Jan"]
[Result "0-1"]
[WhiteElo "1539"]
[BlackElo "1354"]
[EventDate "2018.03.10"]

1. e4  c5  2. Nf3  e6
3. d4  cxd4  4. Nxd4
Nf6  5. Nc3  Nc6
6. Bg5  h6  7. Bh4
Bb4 8. Nxc6  Bxc3+  9. bxc3
bxc6  10. Bd3  e5
11. O-O  O-O  12. Bg3
Re8  13. Re1  Qa5
14. c4  Ba6  15. Qe2
d6  16. Bh4  Nd7
17. Qg4  Nf8  18. Re3
Qc3  19. Rd1  Bxc4
20. Bxc4  Qxc4  21. Rxd6
Qxa2  22. h3  Ng6
23. Rxc6  a5  24. c4
a4  25. Rg3  Ra7
26. Rd3  Nxh4 0-1

[Event "MCR mladeze, Kouty 2018 - H10"]
[Site "Kouty nad Desnou"]
[Date "2018.03.16"]
[Round "8"]
[White "Nguyen, Thai Dang Vi"]
[Black "Setina, Vaclav"]
[Result "1-0"]
[WhiteElo "1435"]
[BlackElo "1224"]
[EventDate "2018.03.10"]

1. d4  d5  2. c4  c6
3. Nc3  Nf6  4. Bf4
e6  5. e3  Nbd7
6. Bd3  dxc4  7. Bxc4  b5
8. Bd3  a6  9. Nf3
c5  10. b3  Qa5
11. Qd2  cxd4  12. exd4  Bb4
13. Rc1  Nd5  14. Be4
N7f6  15. a3  Bxc3
16. Rxc3  Nxe4  17. Rxc8+
Rxc8  18. Qxa5  Nxf4
19. O-O  Ne2+  20. Kh1
Rc1  21. Ne1  O-O
22. g3  g5  23. Kg2
g4  24. Nd3  Rc6
25. Ne5  Rcc8  26. Nxg4
Nxd4  27. Qb4  Rcd8
28. f3  f5  29. fxe4
Nc2  30. Qc3  fxg4
31. Rxf8+  Rxf8  32. Qxc2
Rf3  33. Qc8+  Kf7
34. Qb7+  Kg6  35. Qxa6
Rc3  36. Qxe6+  Kh5
37. Qf5+  Kh6  38. Qf6+
Kh5  39. Qxc3  b4
40. axb4  h6  41. Qe5+
Kg6  42. b5  h5
43. b6  h4  44. b7  h3+
45. Kg1  Kf7  46. b8=Q
Kg6  47. Qbd6+  Kh7
48. Qee7+  Kg8  49. Qdd8#
1-0

[Event "MCR mladeze, Kouty 2018 - H10"]
[Site "Kouty nad Desnou"]
[Date "2018.03.16"]
[Round "8"]
[White "Juhanak, Daniel"]
[Black "Ulcak, Michael"]
[Result "1/2-1/2"]
[WhiteElo "1398"]
[BlackElo "1354"]
[EventDate "2018.03.10"]

1. d4  d5  2. Nf3  Nf6
3. g3  c6  4. Bg2
Bf5  5. O-O  e6
6. Bf4  Nbd7  7. Nbd2  Be7
8. c4  h6  9. h3
O-O  10. Qb3  b6
11. Rac1  Rc8  12. Rfd1
Ne4  13. Nxe4  Bxe4
14. cxd5  cxd5  15. Rxc8
Qxc8  16. Rc1  Qa6
17. Rc7  Rd8  18. Bf1
g5  19. Bd2  b5
20. Ne1  Qb6  21. Qc3  Bb4
22. Qxb4  Qxc7  23. Qxb5
Qb6  24. Qa4  Qxb2
25. Bb4  Qxd4  26. e3
Qb2  27. Be7  Rb8
28. Qxd7  Qxa2  29. Bd6
Ra8  1/2-1/2

[Event "MCR mladeze, Kouty 2018 - H10"]
[Site "Kouty nad Desnou"]
[Date "2018.03.16"]
[Round "8"]
[White "Jasso, Matej"]
[Black "Buchta, Bartolomej"]
[Result "1-0"]
[WhiteElo "1115"]
[BlackElo "1352"]
[EventDate "2018.03.10"]

1. d4  Nf6  2. c4  e6
3. Nc3  Bb4  4. Bd2
b6  5. a3  Bxc3
6. Bxc3  Bb7  7. e3  O-O
8. Nf3  d6  9. Bd3
Ne4  10. Qc2  f5
11. Nd2  Nxc3  12. Qxc3
Bxg2  13. Rg1  Bb7
14. d5  e5  15. O-O-O
c6  16. e4  f4
17. Rg2  Nd7  18. Rdg1  g6
19. Qb3  Nc5  20. Qc3
a5  21. Bc2  a4
22. Qh3  Qe8  23. Nf3  cxd5
24. Qh5  Rf6  25. Nh4
Qf7  26. exd5  e4
27. f3  Nd3+  28. Bxd3
exd3  29. Nxg6  hxg6
30. Rxg6+  Rxg6  31. Rxg6+
Kf8  32. Qh6+  Ke8
33. Rg7  Qf5  34. Qh8+
Qf8  35. Rg8  Ke7
36. Rxf8  Rxf8  37. Qg7+
Rf7  38. Qg5+  Rf6
39. h4  Kf7  40. h5
Bc8  41. h6  Rg6
42. Qh5  Kf6  43. h7
Rg1+  44. Kd2  Rg2+
45. Kxd3  Bf5+  46. Qxf5+
Kxf5  47. h8=Q  Rg6
48. Qc8+  Kf6  49. Ke4
Rg5  50. Qe6+  Kg7
51. Kxf4  Rg6  52. Qe7+
Kh6  53. Kf5  Rg7
54. Qh4#  1-0

[Event "MCR mladeze, Kouty 2018 - H10"]
[Site "Kouty nad Desnou"]
[Date "2018.03.16"]
[Round "8"]
[White "Zelba, Lukas"]
[Black "Kubin, Tomas Daniel"]
[Result "1/2-1/2"]
[WhiteElo "1184"]
[BlackElo "1218"]
[EventDate "2018.03.10"]

1. c4  e6  2. Nc3  Nf6
3. g3  d5  4. cxd5
exd5  5. d4  Nc6
6. Bg2  Be7  7. Nf3
O-O  8. h3  h6
9. g4  Nh7  10. Qb3  Bb4
11. Nd2  Nxd4  12. Qd1
Bxc3  13. bxc3  Nb5
14. Qb3  c6  15. a4
Nc7  16. O-O  Re8
17. e4  dxe4  18. Bxe4
Nf6  19. Re1  Na6
20. Rd1  Nc5  21. Qc2
Ncxe4  22. Nxe4  Qe7
23. Nxf6+  Qxf6  24. Bb2
Qe7  25. Qd3  Be6
26. c4  Rad8  27. Qc3
f6  28. Re1  Qf7
29. c5  Bd5  30. Rxe8+
Rxe8  31. Re1  Rxe1+
32. Qxe1  Qe6  33. Qxe6+
Bxe6  34. Kg2  Kf7
35. Kf3  Bd5+  36. Ke3
Ke6  37. f4  g6
38. h4  h5  39. g5  fxg5
40. fxg5  a6  41. a5
Bc4  42. Kd4  Bb5
1/2-1/2

[Event "MCR mladeze, Kouty 2018 - H10"]
[Site "Kouty nad Desnou"]
[Date "2018.03.16"]
[Round "8"]
[White "Day, Tobias"]
[Black "Veverka, Vladimir"]
[Result "1/2-1/2"]
[WhiteElo "1340"]
[BlackElo "1217"]
[EventDate "2018.03.10"]

1. d4  Nf6  2. Nf3  d5
3. g3  Bf5  4. c4
c6  5. cxd5  cxd5
6. Nc3  e6  7. Qb3
b6  8. Bf4  Ne4
9. Nxe4  Bxe4  10. Bxb8  Rxb8
11. Qb5+  Qd7  12. Qxd7+
Kxd7  13. Ne5+  Ke8
14. f3  Bg6 15. Rc1  Bd6
16. Nxg6  hxg6  17. Kf2
Kd7 18. e4  dxe4  19. fxe4
Rbc8  20. Bb5+  Ke7
21. Kg2  Rhf8  22. e5
Bb8 23. Ba6  Rxc1  24. Rxc1
Rd8  25. Rc4  Ke8
26. Kf3  Ke7  27. Ke3
Rd7  28. Bb5  Rd8
29. Ke4  Kf8  30. b3
Ke7  31. Rc2  Kf8
32. Rd2 Ke7 33. d5  exd5+  34.
Rxd5  Rxd5  35. Kxd5  Bc7
36. Bd3  Bb8  37. b4
Bc7  38. a4  a5
39. b5  Bd8  40. Be2  Bc7
41. Bg4  f6  42. e6
f5  43. Be2  Bd8
44. Bc4  Bc7  45. Kc6
Bd8  46. h4  Ke8
47. Bd3  Ke7  48. Bc4
Ke8  49. Be2  Ke7
50. Bc4  Ke8  51. Bd3
Ke7  52. Bc4  1/2-1/2

[Event "MCR mladeze, Kouty 2018 - H10"]
[Site "Kouty nad Desnou"]
[Date "2018.03.16"]
[Round "8"]
[White "Zemek, Antonin"]
[Black "David, Adam"]
[Result "0-1"]
[WhiteElo "1094"]
[BlackElo "1379"]
[EventDate "2018.03.10"]

1. e4 c5 2. Nf3 e6 3. d4 cxd4 4. Nxd4 a6 5. Bd3 d6 6. O-O Nd7 7. Be3 Be7 8. Nd2
Qc7 9. Qg4 Bf6 10. Qg3 Ne7 11. Nc4 e5 12. Nf5 Nxf5 13. exf5 O-O 14. c3 d5 15. Nd2
b6 16. Bd4 Qc6 17. Be3 Bb7 18. Rac1 Rfe8 19. Bg5 Rad8 20. h4 Kh8 21. h5 Bxg5 22.
Qxg5 h6 23. Qg4 Nf6 24. Qh4 d4 25. Qh3 Qd5 26. c4 Qc6 27. f3 Qd6 28. Ne4 Qe7 29.
c5 Bxe4 30. Bxe4 bxc5 31. Bd3 a5 32. Rfe1 Qd6 33. Bc4 Kg8 34. g4 Nd7 35. Qh2 Nb6
36. Bd3 f6 37. Qc2 Rc8 38. Qb3+ Kh8 39. Qb5 a4 40. f4 Nd5 41. fxe5 fxe5 42. Qxa4
Ne3 43. Rxe3 dxe3 44. Qa7 Qxd3 45. Rxc5 Rxc5 46. Qxc5 Qd1+ 47. Kh2 e2 48. Qc6 Qd8
49. b4 e1=Q 50. b5 Qdd2+ 51. Kh3 Qee3+ 52. Kh4 Qh2# 0-1

[Event "MCR mladeze, Kouty 2018 - H10"]
[Site "Kouty nad Desnou"]
[Date "2018.03.16"]
[Round "8"]
[White "Barta, David"]
[Black "Juracak, David"]
[Result "1-0"]
[WhiteElo "1164"]
[BlackElo "1074"]
[EventDate "2018.03.10"]

1. e4  e5  2. Nf3  Nc6
3. Bc4  Nf6  4. d3
Bc5  5. Nc3  d6
6. Bg5  Be6  7. Nd5  Bxd5
8. Bxd5  h6  9. Bh4
O-O  10. O-O  Nb4
11. Bb3  Re8  12. c3
Nc6  13. Re1  Na5
14. Bd5  c6  15. Bxf7+
Kxf7  16. b4  Bb6
17. bxa5  Bxa5  18. Qb3+
Kf8  19. d4  g5
20. Bg3  Qc7  21. dxe5  dxe5
22. Bxe5  Rxe5  23. Nxe5
Qxe5  24. Rac1  Bb6
25. Rcd1  Ng4  26. Rd2
Qxh2+  27. Kf1  Qf4
28. Qb4+  c5  29. Qb2
Nf6  30. f3  Nh5 31. c4
g4  32. Rd3  g3
33. Qh8+  Ke7  34. Qxa8  Qh4
35. Qxb7+  Kf8  36. Qc8+
Kf7  37. Rd7+  Kf6
38. Qf8+  Kg6  39. Qf5#
1-0